Quiz sur la Jamaïque - Statistiques

Statistiques générales
  • Ce quiz a été pris 8 286 fois
  • Le résultat moyen est 13 sur 18
Statistiques - réponses
Question Réponse % Correct
Langue officielle Anglais
95%
Capitale et plus grande ville Kingston
90%
Chanteur qui a notamment interprété Is This Love et No Woman No Cry Bob Marley
89%
Mer dans laquelle la Jamaïque se situe Mer des Caraïbes
89%
Genre musical popularisé par celui-ci Reggae
89%
Sprinteur qui détient les records du monde du 100m, du 200m et du 4x100m Usain Bolt
89%
Pays auquel la Jamaïque appartenait jusqu'en 1962 Royaume-Uni
88%
Devise monétaire Dollar
81%
Premier européen à avoir posé le pied en Jamaïque Christophe Colomb
74%
Sport des Jeux Olympiques d'Hiver auquel la Jamaïque a participé plusieurs fois - cette histoire a ensuite inspiré le film Rasta Rockett Bobsleigh
73%
Langue maternelle la plus parlée {Créole} Jamaïcain
66%
Principal produit cultivé en Jamaïque durant l'ère coloniale Sucre
66%
Secteur économique qui représente près d'un tiers du PIB jamaïcain Tourisme
63%
Ensemble d'îles regroupant notamment la Jamaïque, Cuba et Hispaniola Grandes {Antilles}
58%
Religion jamaïcaine dont le Messie était l'empereur d'Éthiopie Haïlé Sélassié Rastafarisme
54%
Roi de la Jamaïque, de jure Charles III
49%
La Jamaïque a le plus fort taux d'___ au monde (avant c'était le Salvador) Homicide
47%
Deux autres villes officielles du pays (nommez-en une) {Portmore} | {Montego} Bay
31%
Aucun quiz correspondant
Distribution des résultats
% des personnes avec chaque résultat
Percentile par nombre de réponses
Votre historique - résultats
Vous n’avez pas pris ce quiz